| 000 | 00348nam a22001577a 4500 | ||
|---|---|---|---|
| 003 | SGT | ||
| 020 | _a9788125925316 | ||
| 082 | _a370,AGG | ||
| 100 | _aAGGARWAL,J.C. | ||
| 245 | _aDEVELOPMENT & PLANNING OF MODERN EDUCATION | ||
| 250 | _a9th | ||
| 260 |
_aNE DELHI _bVIKASH PUB. _c2022 |
||
| 300 | _a602 | ||
| 650 | _aEDUCATION | ||
| 942 |
_2ddc _cBK |
||
| 999 |
_c26820 _d26820 |
||